Electronics Fundamentals : (Record no. 606838)

000 -LEADER
fixed length control field 00359nam a22001337a 4500
040 ## - CATALOGING SOURCE
Transcribing agency NUST
082 ## - DEWEY DECIMAL CLASSIFICATION NUMBER
Classification number 621.381
Author Mark MOD
100 ## - MAIN ENTRY--PERSONAL NAME
Personal name Wasson, James W.
9 (RLIN) 118661
245 ## - TITLE STATEMENT
Title Electronics Fundamentals :
Remainder of title Module 4 /
Statement of responsibility, etc. James W. Wasson
260 ## - PUBLICATION, DISTRIBUTION, ETC.
Place of publication, distribution, etc. United States :
Name of publisher, distributor, etc. Aircraft Technical Book Company;
Date of publication, distribution, etc. 2015.
300 ## - PHYSICAL DESCRIPTION
Extent 123p.
521 ## - TARGET AUDIENCE NOTE
Source HB
942 ## - ADDED ENTRY ELEMENTS (KOHA)
Source of classification or shelving scheme
Koha item type Book
Holdings
Withdrawn status Lost status Source of classification or shelving scheme Damaged status Not for loan Permanent Location Current Location Shelving location Date acquired Total Checkouts Full call number Barcode Date last seen Price effective from Koha item type
          School of Mechanical & Manufacturing Engineering (SMME) School of Mechanical & Manufacturing Engineering (SMME) Aerospace Engineering 11/27/2023   621.381 MOD SMME-4471 11/27/2023 11/27/2023 Book
          School of Mechanical & Manufacturing Engineering (SMME) School of Mechanical & Manufacturing Engineering (SMME) Aerospace Engineering 11/27/2023   621.381 MOD SMME-4472 11/27/2023 11/27/2023 Book
          School of Mechanical & Manufacturing Engineering (SMME) School of Mechanical & Manufacturing Engineering (SMME) Aerospace Engineering 11/27/2023   621.381 MOD SMME-4473 11/27/2023 11/27/2023 Book
© 2023 Central Library, National University of Sciences and Technology. All Rights Reserved.